Sistemas de comunicación celular en Costa Rica

Uloženo v:
Podrobná bibliografie
Hlavní autor: Muñoz Castro, Mauricio
Médium: Kniha
Vydáno: San José, C.R. 2000
Témata:
Tagy: Přidat tag
Žádné tagy, Buďte první, kdo vytvoří štítek k tomuto záznamu!

MARC

LEADER 00000nam a2200000Ia 4500
003 010185
005 20221231144206.0
008 140114s2000 cr a m 000 ||s d
040 |c cru CEDI 
090 |a TFG 4200 
100 |a Muñoz Castro, Mauricio   |9 8056 
245 |a Sistemas de comunicación celular en Costa Rica 
260 |c 2000  |a  San José, C.R. 
300 |a  x, 69 hojas  
500 |a  Proyecto de graduación (bachiller en ingeniería eléctrica)--Universidad de Costa Rica. Facultad de Ingeniería. Escuela de Ingeniería Eléctrica 
650 |x TELEFONOS - PUBLICACIONES PERIODICAS   |x SISTEMAS MOVILES DE COMUNICACION   |x TELEFONIA CELULAR  |9 8057 
942 |c TFG 
999 |c 18232  |d 18232